Toutes les communes de la CC Bastides de Lomagne sur une carte - Statistiques

Statistiques générales
  • Ce quiz a été pris 3 fois
  • Le résultat moyen est 11 sur 41
Réponses sur la Carte
Les réponses sont colorées sur une échelle allant du rouge au vert en fonction du pourcentage des utilisateurs qui les ont devinées à leur premier essai. Vous pouvez retrouver ces pourcentages ci-dessous.
 
Statistiques - réponses
Commune Nombre d'habitants % Correct
Mauvezin 2 275
100%
Ardizas 219
67%
Cologne 920
67%
Saint-Clar 1 052
67%
Sarrant 361
67%
Solomiac 499
67%
Thoux 261
67%
Avezan 87
33%
Catonvielle 105
33%
Encausse 444
33%
Estramiac 122
33%
Homps 111
33%
Labrihe 213
33%
Monbrun 405
33%
Monfort 513
33%
Pessoulens 138
33%
Saint-Brès 71
33%
Saint-Cricq 290
33%
Sainte-Anne 125
33%
Saint-Georges 195
33%
Saint-Germier 216
33%
Saint-Léonard 185
33%
Saint-Orens 80
33%
Sirac 162
33%
Touget 501
33%
Tournecoupe 262
33%
Avensac 73
0%
Bajonnette 108
0%
Bivès 119
0%
Castéron 52
0%
Gaudonville 106
0%
L'Isle-Bouzon 248
0%
Magnas 58
0%
Mansempuy 58
0%
Maravat 46
0%
Mauroux 141
0%
Roquelaure-Saint-Aubin 95
0%
Saint-Antonin 155
0%
Saint-Créac 87
0%
Sainte-Gemme 118
0%
Sérempuy 42
0%
Aucun quiz correspondant
Distribution des résultats
% des personnes avec chaque résultat
Percentile par nombre de réponses
Votre historique - résultats
Vous n’avez pas pris ce quiz